Octago - podnikanie s preliezačkami

Na minha lista:
Detalhes bibliográficos
Autor principal: Ljudvigová, Ivana
Formato: Capítulo de Livro
Idioma:eslovaco
Assuntos:
Tags: Adicionar Tag
Sem tags, seja o primeiro a adicionar uma tag!

MARC

LEADER 00000naa$a2200000$$$4500
001 0225873
005 20240502073715.4
041 0 |a slo 
044 |a SK 
245 1 0 |a Octago - podnikanie s preliezačkami  |c Ivana Ljudvigová 
610 2 0 |a štúdie prípadové 
610 2 0 |a start-up 
610 2 0 |a čas voľný 
610 2 0 |a mestá 
610 2 0 |a obce 
610 2 0 |a pohyb 
610 2 0 |a šport 
100 1 |a Ljudvigová, Ivana